| 000 | 00000nam##2200000za#4500 |
| 001 | 9.625193 |
| 003 | CaOODSP |
| 005 | 20200706134919 |
| 007 | ta |
| 008 | 150406|1999||||xxc||||| f|0| 0 fre|d |
| 020 | |a0-660-96275-6 |
| 022 | |a1200-5231 |
| 040 | |aCaOODSP|bfre |
| 043 | |an-cn--- |
| 086 | 1 |aCS11-0019/127F |
| 245 | 00|aComprendre le processus d'innovation : |bl'innovation dans les industries de services dynamiques / |cpar Guy Gellatly et Valerie Peters. |
| 260 | |aOttawa - Ontario : |bStatistique Canada. |c1999. |
| 300 | |avii, 23p. : |bréférences, tableaux ; |c28 cm. |
| 490 | 1 |aDocuments de recherche|x1200-5231|v127 |
| 500 | |a«Le présent documents est consacré à un examen approfondi des principales conclusions qui se dégagent de l'Enquête sur les innovations de 1996.»--Résumés. |
| 563 | |aCouverture souple |
| 590 | |a00-04|b2000-01-28 |
| 691 | 07|aInnovation|2gcpds |
| 691 | 07|aIndustrie|2gcpds |
| 691 | 07|aCompétitivité|2gcpds |
| 710 | 2 |aStatistique Canada. |bDirection des études analytiques. |
| 720 | 1 |aGellatly, Guy |
| 720 | 1 |aPeters, Valerie |
| 775 | 08|tUnderstanding the innovation process : |w(CaOODSP)9.615030 |
| 776 | 0#|tComprendre le processus d'innovation : |w(CaOODSP)9.604371 |
| 830 | #0|aDocuments de recherche,|x1200-5231|v127|w(CaOODSP)9.512877 |